ARRUPE JESUIT UNIVERSITY

CORONAVIRUS -STOP THE SPREAD - CLEAN,DISINFECT,COVER

7 keys to spiritual wellness : (Record no. 122277)

MARC details
000 -LEADER
fixed length control field 01299cam a2200289 i 4500
001 - CONTROL NUMBER
control field 17045408
003 - CONTROL NUMBER IDENTIFIER
control field ARRUPE
005 - DATE AND TIME OF LATEST TRANSACTION
control field 20150327132623.0
008 - FIXED-LENGTH DATA ELEMENTS--GENERAL INFORMATION
fixed length control field 111115s2012 ilu b 000 0 eng
010 ## - LIBRARY OF CONGRESS CONTROL NUMBER
LC control number 2011046895
020 ## - INTERNATIONAL STANDARD BOOK NUMBER
International Standard Book Number 9780829436891 (pbk)
020 ## - INTERNATIONAL STANDARD BOOK NUMBER
International Standard Book Number 0829436898 (pbk)
040 ## - CATALOGING SOURCE
Original cataloging agency DLC
Language of cataloging eng
Transcribing agency DLC
Description conventions rda
Modifying agency DLC
042 ## - AUTHENTICATION CODE
Authentication code pcc
050 00 - LIBRARY OF CONGRESS CALL NUMBER
Classification number BV4501.3
Item number .P36 2012
082 00 - DEWEY DECIMAL CLASSIFICATION NUMBER
Classification number 248.4
Edition number 23
300 ## - PHYSICAL DESCRIPTION
Dimensions 22 cm
100 1# - MAIN ENTRY--PERSONAL NAME
Personal name Paprocki, Joe.
9 (RLIN) 15799
245 10 - TITLE STATEMENT
Title 7 keys to spiritual wellness :
Remainder of title enriching your faith by strengthening the health of your soul /
Statement of responsibility, etc Joe Paprocki, Dmin.
260 ## - PUBLICATION, DISTRIBUTION, ETC. (IMPRINT)
Place of publication, distribution, etc Chicago :
Name of publisher, distributor, etc Loyola Press,
Date of publication, distribution, etc [2012]
300 ## - PHYSICAL DESCRIPTION
Extent xi, 117 pages ;
504 ## - BIBLIOGRAPHY, ETC. NOTE
Bibliography, etc Includes bibliographical references (pages 115-117).
505 0# - FORMATTED CONTENTS NOTE
Formatted contents note Introduction -- Key one: seeing yourself as you really are -- Key two: actively seeking the good of others -- Key three: thinking before acting -- Key four: holding on loosely -- Key five: recognizing and setting limits -- Key six: seeking beauty -- Key seven: unleashing your imagination -- Conclusion: spiritual wellness equals holiness.
650 #0 - SUBJECT ADDED ENTRY--TOPICAL TERM
Topical term or geographic name as entry element Spiritual life
General subdivision Christianity.
9 (RLIN) 15800
906 ## - LOCAL DATA ELEMENT F, LDF (RLIN)
a 7
b cbc
c orignew
d 1
e ecip
f 20
g y-gencatlg
942 ## - ADDED ENTRY ELEMENTS (KOHA)
Source of classification or shelving scheme Library of Congress Classification
Koha item type Monograph ( Printed materials)
Holdings
Withdrawn status Lost status Source of classification or shelving scheme Damaged status Not for loan Collection code Home library Current library Shelving location Date acquired Total Checkouts Full call number Barcode Date last seen Date checked out Price effective from Koha item type
    Library of Congress Classification     Main Collection ARRUPE LIBRARY ARRUPE LIBRARY Main Collection 05/03/2015 4 BV4501.3P36 2012 46500000973 24/01/2017 17/11/2015 05/03/2015 Monograph ( Printed materials)

 

Arrupe Library. PO Box MP320 Mt Pleasant, Harare, Zimbabwe
263 242 745411|librarian@aju.ac.zw